El ensayo hispánico (Record no. 59416)

MARC details
000 -LEADER
campo de control de longitud fija 00424nam a2200145 i 4500
001 - NÚMERO DE CONTROL
campo de control 59416
003 - IDENTIFICADOR DE NÚMERO DE CONTROL
campo de control ES-MaACL
007 - CAMPO FIJO DE DESCRIPCIÓN FÍSICA--INFORMACIÓN GENERAL
campo de control de longitud fija t|
008 - DATOS DE LONGITUD FIJA--INFORMACIÓN GENERAL
campo de control de longitud fija 031029s1954 sp ||||1| spa d
245 03 - MENCIÓN DEL TÍTULO
Título El ensayo hispánico
Resto del título : estudio y antología /
Mención de responsabilidad, etc. Pilar A. Sanjuán ... [et al.].
260 ## - PUBLICACIÓN, DISTRIBUCIÓN, ETC.
Lugar de publicación, distribución, etc. Madrid :
Nombre del editor, distribuidor, etc. Gredos,
Fecha de publicación, distribución, etc. [1954]
300 ## - DESCRIPCIÓN FÍSICA
Extensión 412 p. ;
Dimensiones 20 cm.
700 1# - ENTRADA AGREGADA--NOMBRE PERSONAL
Nombre de persona Sanjuán, Pilar A.
9 (RLIN) 103161
852 ## - LOCALIZACIÓN
Ubicación ES-MaACL
Número de control de estantería C-8788
Sublocalización o colección R.36827
Holdings
Estatus retirado Estado de pérdida Estado de daño No para préstamo Biblioteca de origen Biblioteca actual Ubicación en estantería Fecha de adquisición Fuente de adquisición Total de préstamos Signatura topográfica completa Código de barras Visto por última vez Precio de reemplazo Tipo de ítem Koha
        Biblioteca del Ateneo de Madrid Biblioteca del Ateneo de Madrid Sala Palomar 17/01/2008     C-8788 1062320 23/02/2023 23/02/2023 Libro impreso